MARC details
| 000 -CABECERA |
| campo de control de longitud fija |
01807nam a2200433 i 4500 |
| 001 - NÚMERO DE CONTROL |
| campo de control |
991061718031506706 |
| 003 - IDENTIFICADOR DEL NÚMERO DE CONTROL |
| campo de control |
ES-BaIT |
| 005 - FECHA Y HORA DE LA ÚLTIMA TRANSACCIÓN |
| campo de control |
20260212145652.0 |
| 008 - DATOS DE LONGITUD FIJA--INFORMACIÓN GENERAL |
| campo de control de longitud fija |
260212s17291749sp |||||r|||||0|0 d spa|c |
| 040 ## - FUENTE DE LA CATALOGACIÓN |
| Centro catalogador/agencia de origen |
ES-BaIT |
| Lengua de catalogación |
cat |
| Normas de descripción |
rda |
| Centro/agencia transcriptor |
ES-BaIT |
| 080 ## - NÚMERO DE LA CLASIFICACIÓN DECIMAL UNIVERSAL |
| Número de la Clasificación Decimal Universal |
860-2"17" |
| 245 00 - MENCIÓN DE TÍTULO |
| Título |
Bayle nuevo de Teresilla |
| 246 3# - FORMA VARIANTE DE TÍTULO |
| Título propio/Titulo breve |
Baile nuevo de Teresilla |
| 264 #1 - PRODUCCIÓN, PUBLICACIÓN, DISTRIBUCIÓN, FABRICACIÓN Y COPYRIGHT |
| Producción, publicación, distribución, fabricación y copyright |
[Madrid] : |
| Nombre del de productor, editor, distribuidor, fabricante |
en casa de Joseph Gonzalez en la calle del Arenal, |
| Fecha de producción, publicación, distribución, fabricación o copyright |
[entre 1729 i 1749] |
| 300 ## - DESCRIPCIÓN FÍSICA |
| Extensión |
8 pàgines sense numerar ; |
| Dimensiones |
8º |
| 336 ## - TIPO DE CONTENIDO |
| Término de tipo de contenido |
text |
| Código de tipo de contenido |
txt |
| Fuente |
rdacontent |
| 337 ## - TIPO DE MEDIO |
| Nombre/término del tipo de medio |
sense mediació |
| Código del tipo de medio |
n |
| Fuente |
rdamedia |
| 338 ## - TIPO DE SOPORTE |
| Nombre/término del tipo de soporte |
volum |
| Código del tipo de soporte |
nc |
| Fuente |
rdacarrier |
| 500 ## - NOTA GENERAL |
| Nota general |
Nom de l'editor obtinguda del colofó |
| 500 ## - NOTA GENERAL |
| Nota general |
Signatura: B4 |
| 500 ## - NOTA GENERAL |
| Nota general |
Joseph González traballa en Madrid aproximadament entre 1729 i 1749, segons Gutiérrez del Caño |
| 533 ## - NOTA DE REPRODUCCIÓN |
| Tipo de reproducción |
Reproducció digital disponible a Biblioescènic |
| 593 00 - Camps col·lecció exemplar |
| Notes |
holand. granate. Procedència: Col·lecció Joaquín Montaner |
| 593 00 - Camps col·lecció exemplar |
| Notes |
holand. azul (Entremeses VIII) |
| 655 #4 - TÉRMINO DE INDIZACIÓN--GÉNERO/FORMA |
| Datos o término principal de género/forma |
Bailes (Teatre) |
| Subdivisión cronológica |
S. XVIII |
| 9 (RLIN) |
168433 |
| 700 1# - ENTRADA AGREGADA--NOMBRE PERSONAL |
| Nombre de persona |
González, Joseph |
| Término indicativo de función/relación |
impressor |
| 9 (RLIN) |
168434 |
| 730 0# - ENTRADA AGREGADA--TÍTULO UNIFORME |
| Título uniforme |
Col·lecció digital Biblioescènic del MAE |
| 752 ## - ENTRADA AGREGADA--NOMBRE JERÁRQUICO DEL LUGAR |
| País o entidad superior |
Espanya |
| Ciudad |
Madrid |
| 856 41 - LOCALIZACIÓN Y ACCESO ELECTRÓNICOS |
| Nota pública |
Accés lliure (Biblioescènic) |
| Especificación de materiales |
Exemplar VIT-084/06 |
| Identificador Uniforme del Recurso |
<a href="https://books.cdmae.cat/visorpdf/?recurs=SV0084-06">https://books.cdmae.cat/visorpdf/?recurs=SV0084-06</a> |
| 856 41 - LOCALIZACIÓN Y ACCESO ELECTRÓNICOS |
| Nota pública |
Accés lliure (BVMC) |
| Identificador Uniforme del Recurso |
<a href="https://www.cervantesvirtual.com/obra/bayle-nuevo-de-teresilla/">https://www.cervantesvirtual.com/obra/bayle-nuevo-de-teresilla/</a> |
| 856 42 - LOCALIZACIÓN Y ACCESO ELECTRÓNICOS |
| Especificación de materiales |
Fitxa del catàleg manual |
| Identificador Uniforme del Recurso |
<a href="http://www.cdmae.cat/sedo/imgtitulos/066/P0001548.gif">http://www.cdmae.cat/sedo/imgtitulos/066/P0001548.gif</a> |
| 856 42 - LOCALIZACIÓN Y ACCESO ELECTRÓNICOS |
| Especificación de materiales |
Fitxa del catàleg manual |
| Identificador Uniforme del Recurso |
<a href="http://www.cdmae.cat/sedo/imgtitulos/066/P0001549.gif">http://www.cdmae.cat/sedo/imgtitulos/066/P0001549.gif</a> |
| 902 ## - ELEMENTOS DE DATOS B LOCAL, LDB (RLIN) |
| a |
Patrimoni |
| 902 ## - ELEMENTOS DE DATOS B LOCAL, LDB (RLIN) |
| a |
Fons antic |
| 908 ## - COLOCAR PARÁMETRO DE COMANDO (RLIN) |
| Colocar parámetro de comando |
CDMAE |
| 940 ## - EQUIVALENCIA O REFERENCIA-CRUZADA--TÍTULO UNIFORME [OBSOLETO] [solamente CAN/MARC] |
| Título uniforme |
<a href="CDMAE">CDMAE</a> |
| 942 ## - ELEMENTOS DE ENTRADA AGREGADA (KOHA) |
| Fuente del sistema de clasificación o colocación |
Clasificación decimal universal |
| Tipo de ítem Koha |
Digital |